000 00333nam a2200133Ia 4500
008 240624s9999 xx 000 0 und d
041 _aeng
082 _a658.8 McD
100 _aMCDONALD MALCOLM
245 _aMALCOLM MCDONALD ON MARKETING PLANNING U
260 _c2007
_aLondon
_bKogan Page
300 _a208 : p.
365 _cRS
_b30
999 _c25349
_d25349